000 01044nam0a22003011 4500
001 RU\INFOCOMM_322\NLR\5000155413
005 20250613105721.0
035 _a(NLR Aleph) 009529649
090 _a8879423
_c8879423
100 _a20130206d1981 |||y0rusy50 ca
101 1 _aeng
_crus
102 _aRU
105 _ay z |||||
200 1 _aNuclear physics and nuclear reactors
_fV. E. Levin
_gTransl. from the Russ. by L. N. Bell
205 _aRev. from the 1979 Russ. ed.
210 _aM.
_cMir
_d1981
215 _a376 с.
_cил.
_d21 см
300 _aДоп. тит. л. на рус. яз.
300 _aВ вып. дан.: Ядерная физика и ядерные реакторы / Василий Евсеевич Левин
620 _aМосква
686 _aФз-1500(Рук.техн.)[В38я723-1]
_2rubbk
686 _aЗ46я723-1
_2rubbk
700 1 _aLevin
_bV. E.
_gVasilij Evseevič
801 1 _aRU
_bInfocomm
_c20130206
801 0 _aRU
_bINFOCOMM
_gPSBO
852 _aNLR
_jФз01 Д-3/178
942 _cBOOK
980 _aNB